000 00550nam a2200193Ia 4500
003 GCL
008 140319s9999 xx 000 0 ara d
020 _a0366701977
040 _aGCL /
_cGCL
082 0 4 _a940.4
_bح و
100 1 _aحسين شريف
245 1 0 _aالوجيز فى تاريخ العالم المعاصر /
_cحسين شريف
250 _aالولى
260 _aالقاهرة :
_bدار الكتاب المصرى ،
_c1980
300 _a834 ص ؛
_c24 سم
490 _a
650 0 4 _aالتاريخ
942 _2ddc
_cBK
999 _c31717
_d31717